Normal view
MARC view
- Muhammad Asjid (00000273454)
Entry Personal Name
001 - CONTROL NUMBER
- control field: 116553
003 - CONTROL NUMBER IDENTIFIER
- control field: NUST
005 - DATE AND TIME OF LATEST TRANSACTION
- control field: 20230912170006.0
008 - FIXED-LENGTH DATA ELEMENTS
- fixed length control field: 230912|| aca||aabn | a|a d
040 ## - CATALOGING SOURCE
- Original cataloging agency: NUST
- Transcribing agency: NUST
100 ## - HEADING--PERSONAL NAME
- Personal name: Muhammad Asjid (00000273454)
670 ## - SOURCE DATA FOUND
- Source citation: Work cat.: (NUST): Muhammad Asjid (00000273454), Synthesis, Characterization and Computational Fluid Dynamics Analysis of Nano-Enhanced Phase Change Materials for Thermal Energy Storage Systems /, 2021
